MDQL
is popping MORE tags! Check the
thread
!
Quizzes
Events
Quiz Creation
Community
Videos
Private Events
Remove Ads
Sign In
Join for FREE
Feedback
Dark Mode
Quiz Categories
Sports
Geography
Music
Movies
Television
Just For Fun
Miscellaneous
History
Literature
Language
Science
Gaming
Entertainment
Religion
Holiday
For Kids
Quiz Lab
Recent
Popular Today
Quiz Kudos Today
Editor Picks
Curator Picks
Quizzes by...
Day
Popularity
Type
Ratings
Length
Year
Community
Subscriptions
Recent Discussions
Orange Saloon
Badges
Playlists
Quests
Create
Leaderboards
Showdown
Live 5
Trivia Bingo
Activity
Puzzle Library
Sporcle Events
Private Events
Virtual Trivia
Globe League
Become a Host
Pub Owners
SporcleCon
Opinionation
Our Games
Videos
Blog
Mobile Apps
Partnerships
Remove Ads and Go Orange
Feedback
Sports
Athletes
MLB
NBA
NHL
NFL
Soccer
Sports Teams
WWE
NCAA
Football
Premier League
Basketball
Baseball
Hockey
Golf
Tennis
Cricket
Rugby
Auto Racing
Olympics
World Cup
Sports
Athletes
MLB
NBA
NHL
NFL
Soccer
Sports Teams
WWE
NCAA
Football
Premier League
Basketball
Baseball
Hockey
Golf
Tennis
Cricket
Rugby
Auto Racing
Olympics
World Cup
Random Quiz
Search Sporcle
×
Quiz Lab
Quiz Lab
Sports
Role
Type in answers that appear in a list
Type in answers that appear in a list
Classic
Best Score? Go Orange.
WWF Roster 2000 Stats
Can you name the WWF Roster 2000?
By
headbangerman
12m
77 Questions
3,467 Plays
3,467 Plays
3,467 Plays
Comments
Comments
Give Quiz Kudos
Give Quiz Kudos
-
- Ratings
hide this ad
Replay
Link that replays current quiz
Next Quiz
Link to next quiz in quiz playlist
You Got
0%
They Got
Avg Score
62%
Avg Friend Score
Upgrade to see
Score Distribution
Jump to the score distribution portion of the page
Score
0/77
Timer
12:00
0
Plays Today
role
% Correct
Wrestler
The Rock
96.2%
Wrestler
Stone Cold
93%
Wrestler
Triple H
92.2%
Wrestler
The Undertaker
91%
Wrestler
Kane
89%
Wrestler/
Chairman
Vince McMahon
87.7%
Wrestler
Edge
85.1%
Wrestler
Christian
83.4%
Wrestler
Jeff Hardy
83%
Wrestler/
Commissioner
Mick Foley
82.9%
Wrestler
Matt Hardy
82.7%
Wrestler
Chris Jericho
81.7%
Wrestler
Shane McMahon
81.6%
Wrestler
Kurt Angle
79.9%
Diva
Trish Stratus
79.9%
Wrestler
Chris Benoit
79.5%
Wrestler
X-Pac
78.9%
Wrestler
The Big Show
78.2%
Wrestler/
Diva
Chyna
77.9%
Diva
Lita
76.4%
Wrestler
Billy Gunn
76.3%
Wrestler
Road Dogg
75.8%
Diva
Stephanie McMahon
75.2%
Wrestler
Eddie Guerrero
73.5%
Wrestler/
Commentator
Jerry Lawler
73.2%
Wrestler
Bubba Ray Dudley
71.4%
Wrestler
Test
71.2%
Wrestler
D-Von Dudley
71%
Wrestler
Rikishi
69.8%
Wrestler
Bradshaw
68.6%
Wrestler
Perry Saturn
68.4%
Wrestler
Hardcore Holly
67.3%
Wrestler
Faarooq
67.2%
Wrestler
Dean Malenko
66.7%
Wrestler
Crash
66.4%
Wrestler
The Goodfather
65.8%
Wrestler
Val Venis
64.3%
Wrestler
Tazz
63.4%
Wrestler
Albert
62.5%
role
% Correct
Wrestler/
Stooge
Pat Patterson
61.7%
Wrestler
Scotty 2 Hotty
61.6%
Diva
Ivory
60.8%
Wrestler
Grandmaster Sexay
60.6%
Wrestler
D'Lo Brown
60.6%
Wrestler
Al Snow
59.8%
Wrestler/
Stooge
Gerald Brisco
59.2%
Wrestler
Steve Blackman
58.4%
Wrestler
Steven Richards
58.1%
Wrestler
Big Boss Man
57.4%
Wrestler/
Commissioner
William Regal
56.8%
Wrestler
Mark Henry
56.4%
Diva
Tori
56.4%
Wrestler
Viscera
55.3%
Diva
Terri
54%
Wrestler
Funaki
52.9%
Wrestler
Taka Michinoku
50.6%
Wrestler
Gangrel
50.3%
Diva
The Kat
48.5%
Wrestler
Raven
47.4%
Wrestler
Chaz
47.1%
Diva
Jacqueline
47.1%
Wrestler
Bull Buchanan
47%
Diva
Molly Holly
46.5%
Manager
Paul Bearer
45.6%
Wrestler
Mideon
44.3%
Wrestler
Pete Gas
41.1%
Wrestler
Joey Abs
38.8%
Wrestler
Thrasher
38.4%
Wrestler
Essa Rios
38%
Manager
Mae Young
37.9%
Wrestler
Rodney
37.5%
Diva
Debra
37.3%
Manager
The Fabulous Moolah
34.6%
Wrestler
British Bulldog
33.8%
Wrestler
K-Kwik
25.1%
Manager
Tiger Ali Singh
20.3%
Wrestler
Just Joe
15.7%
Quiz Playlist
Details
Report
Send in Message
Add To Playlist
Classic:
Type in answers that appear in a list
Last Updated: Feb 16, 2017
Quiz Scoreboard
CHALLENGE
Sign Up to Join the Scoreboard
Show All
Scores
Hide
Comments
May contain spoilers
Recently Published
Two Season TV Shows II
by 123Four
Television
10m
Image Sorting: Flags VI
by Barbecue
Geography
2m
Find the 'City' Movie
by crazypaving
Movies
60s
More to Explore
Quiz From the Vault
Featured Blog Post
14 Easter Pick-up Lines to Find Eggs With
hide this ad
You Might Also Like...
Tags
Role Quiz
2000
Roster
WWF
WWF Roster
Today's Top Quizzes in Sports
Browse Sports
hide this ad
Today's Top Quizzes in Role
Browse Role
Top Contributed Quizzes in Sports
1
Les meilleurs buteurs des matchs entre le PSG et l’OM
2
Les entraîneurs de l'OM et du PSG au 21e siècle
3
2022 World Cup Stars
4
Les joueurs passés par le PSG et l'OM
5
Players with Multiple 50 Home Run Seasons
6
FIFA Club World Cup Champions
7
Criteria MLB: Left Handed Sluggers
8
Les joueurs passés par le LOSC et le RC Lens
9
Top 10 NHL Goal Scorers of All Time
10
NBA Logic Puzzle 2.0
Explore More
Trending Topics
Marvel
Crossword
Anime
Disney
Harry Potter
Kpop
NBA
Pokémon
NFL
WWE
Country
Soccer
The Office
Song
Puzzle
hide this ad
More By:
headbangerman
Quiz
Plays
Rating
Category
Featured
Created
WWF/E Roster 2002
2,839
2.38
Sports
Oct 12, 2009
WWF Attitude game roster
1,809
4.11
Gaming
Oct 17, 2009
WWF Royal Rumble 1992 entrants
1,241
4.33
Sports
Oct 19, 2009
Royal Rumble 2006 participants
341
2.00
Sports
Oct 20, 2009
Go to Creator's Profile
Score Distribution
Quiz Creator Spotlight
headbangerman
Follow
Send a Message
Quizzes Created
-
Created Quiz Play Count
-
More By This Creator
Popular Quizzes Today
1
Find the US States - No Outlines Minefield
2
Colored Red Africa Blitz
3
Find the 'City' Movie
4
5x2 Blitz: Bands
5
The Countries of the World
6
Find the Countries of Europe - No Outlines Minefield
7
Find the US States
8
US States
More Sports Quizzes
2023 MLB Gold Glove (GG) Winners
Editor's Pick
Trending Quizzes
Colored Red Europe Blitz I
Colored Red Africa Blitz II
Colored Red Europe Blitz II
Even More Two Season TV Shows
Colored Red Africa Blitz III
Recently Updated
March Madness Men's Triple Doubles
pecheneg
How Do You Spell That?
pecheneg
Godzilla Movies
pecheneg
Grab Bag: 4-10 Letters
pecheneg
2024 March Madness Bracket
pecheneg
Famous TV Couples
Peacemaker
Champions League XIs: Real Madrid
pecheneg
Largest US Cities 1790-2010
pecheneg
Rides in Walt Disney World
pecheneg
Most Oscar Losses (Acting)
pecheneg
Trending Topics
Disney
Marvel
Harry Potter
NBA
Anime
Kpop
Crossword
Pokémon
Song
The Office
Puzzle
Soccer
Country
WWE
NFL
Your Account Isn't Verified!
In order to create a playlist on Sporcle, you need to verify the email address you used during registration. Go to your
Sporcle Settings
to finish the process.
Report this User
Report this user for behavior that violates our
Community Guidelines
.
Details:
Send Report
Go to the Sporcle.com Mobile Site →
Comments